| 000 | 00376nam a2200157Ia 4500 | ||
|---|---|---|---|
| 008 | 230917s9999||||xx |||||||||||||| ||und|| | ||
| 020 | _cRS0.75 | ||
| 040 |
_e12398 _aMAIN |
||
| 041 | _aEnglish | ||
| 082 | _a301.446 C392T | ||
| 100 | _aChattopadhyay, Kamla Devi | ||
| 245 | 0 | _aTribalism in India | |
| 260 |
_aNew Delhi _bVikas _c1978 |
||
| 300 | _avi,297 p. | ||
| 942 | _cBK | ||
| 999 |
_c193555 _d193555 |
||